[Event "1.FrauenBL 2018-19"]
[Site "Berlin"]
[Date "2019.03.02"]
[Round "10.5"]
[White "Warakomska, Anna"]
[Black "Fuchs, Judith"]
[Result "1-0"]
[WhiteElo "2214"]
[BlackElo "2256"]
[Annotator "NA"]
[PlyCount "43"]
[EventDate "2018.10.27"]
[EventType "team-tourn"]
[EventCountry "GER"]
[SourceTitle "playchess.com"]
[Source "ChessBase"]
[SourceQuality "1"]
[WhiteTeam "Rodewischer SM"]
[BlackTeam "Hamburger SK"]
[TimeControl "40/5400+30:1800+30"]

1. d4 {[%emt 0:00:07]} Nf6 {[%emt 0:00:08]} 2. Bf4 {[%emt 0:00:03]} c5 {[%emt 0:00:29]} 3. e3 {[%emt 0:02:48]} Qb6 {[%emt 0:00:38]} 4. dxc5 {[%emt 0:13:17]} Qxb2 {[%emt 0:08:40]} 5. Nd2 {[%emt 0:00:10]} Nc6 {[%emt 0:15:38]} 6. Ngf3 {[%emt 0:09:08]} Qc3 {[%emt 0:06:25]} 7. Bc4 {[%emt 0:15:02]} e5 {[%emt 0:05:57]} 8. Bg3 {[%emt 0:03:00]} Bxc5 {[%emt 0:05:23]} 9. O-O {[%emt 0:06:47]} O-O {[%emt 0:05:29]} 10. Rb1 {[%emt 0:06:05]} d6 {[%emt 0:02:22]} 11. Bh4 {[%emt 0:04:29]} Bf5 {[%emt 0:06:09]} 12. Bxf6 {[%emt 0:05:52]} gxf6 {[%emt 0:00:10]} 13. e4 {[%emt 0:01:51]} Bg4 {[%emt 0:05:33]} 14. Rb3 {[%emt 0:01:59]} Bxf3 {[%emt 0:06:02]} 15. Qc1 {[%emt 0:00:55]} Qa5 {[%emt 0:02:22]} 16. Nxf3 {[%emt 0:02:16]} d5 {[%emt 0:19:40]} 17. Qh6 {[%emt 0:08:13]} Ne7 {[%emt 0:06:16]} 18. Nh4 {[%emt 0:07:00]} Rfd8 {[%emt 0:00:42]} 19. Nf5 {[%emt 0:01:37]} Nxf5 {[%emt 0:00:05]} 20. exf5 {[%emt 0:00:03]} Bxf2+ {[%emt 0:01:34]} 21. Rxf2 {[%emt 0:00:30]} Qe1+ {[%emt 0:00:19]} 22. Bf1 {[%emt 0:00:35]} 1-0

[Event "1.FrauenBL 2018-19"]
[Site "Berlin"]
[Date "2019.03.02"]
[Round "10.5"]
[White "Duessler, Stefanie"]
[Black "Savina, Anastasia"]
[Result "0-1"]
[WhiteElo "2105"]
[BlackElo "2350"]
[Annotator "NA"]
[PlyCount "92"]
[EventDate "2018.10.27"]
[EventType "team-tourn"]
[EventCountry "GER"]
[SourceTitle "playchess.com"]
[Source "ChessBase"]
[SourceQuality "1"]
[WhiteTeam "SK Lehrte"]
[BlackTeam "Bad Koenigshofen"]
[TimeControl "40/5400+30:1800+30"]

1. e4 {[%emt 0:00:03]} c5 {[%emt 0:00:12]} 2. Nf3 {[%emt 0:00:05]} Nc6 {[%emt 0:00:03]} 3. Bb5 {[%emt 0:00:05]} g6 {[%emt 0:01:00]} 4. Bxc6 {[%emt 0:01:02]} bxc6 {[%emt 0:01:20]} 5. O-O {[%emt 0:00:00]} Bg7 {[%emt 0:00:03]} 6. c3 {[%emt 0:00:00]} Nf6 {[%emt 0:02:53]} 7. Re1 {[%emt 0:00:45]} O-O {[%emt 0:00:00]} 8. d4 {[%emt 0:01:48]} cxd4 {[%emt 0:04:27]} 9. cxd4 {[%emt 0:00:03]} d5 {[%emt 0:00:11]} 10. e5 {[%emt 0:01:59]} Ne4 {[%emt 0:00:00]} 11. Nc3 {[%emt 0:00:30]} Nxc3 {[%emt 0:00:00]} 12. bxc3 {[%emt 0:00:02]} Qa5 {[%emt 0:06:25]} 13. Qb3 {[%emt 0:04:24]} Bg4 {[%emt 0:13:21]} 14. Nd2 {[%emt 0:03:05]} Bh6 {[%emt 0:00:00]} 15. Qb4 {[%emt 0:25:57]} Qxb4 {[%emt 0:13:45]} 16. cxb4 {[%emt 0:00:00]} Rfb8 {[%emt 0:00:29]} 17. h3 {[%emt 0:00:00]} Bf5 {[%emt 0:00:00]} 18. a3 {[%emt 0:00:00]} a5 {[%emt 0:13:14]} 19. bxa5 {[%emt 0:00:00]} Bf8 {[%emt 0:00:00]} 20. Nf1 {[%emt 0:00:00]} Rxa5 {[%emt 0:08:15]} 21. Ne3 {[%emt 0:01:12]} Bd3 {[%emt 0:04:42]} 22. Rd1 {[%emt 0:03:18]} Be2 {[%emt 0:00:00]} 23. Rd2 {[%emt 0:05:11]} Bb5 {[%emt 0:00:00]} 24. Rb2 {[%emt 0:01:58]} Ra4 {[%emt 0:13:15]} 25. Nc2 {[%emt 0:32:08]} e6 {[%emt 0:01:46]} 26. Bd2 {[%emt 0:01:46]} Rba8 {[%emt 0:07:00]} 27. Bb4 {[%emt 0:00:00]} Bd3 {[%emt 0:01:17]} 28. Rc1 {[%emt 0:00:00]} Bxc2 {[%emt 0:02:21]} 29. Rcxc2 {[%emt 0:00:00]} Bxb4 {[%emt 0:00:20]} 30. Rxb4 {[%emt 0:00:00]} Rxb4 {[%emt 0:00:47]} 31. axb4 {[%emt 0:00:00]} Ra1+ {[%emt 0:00:36]} 32. Kh2 {[%emt 0:00:00]} Rb1 {[%emt 0:00:16]} 33. Rxc6 {[%emt 0:00:00]} Rxb4 {[%emt 0:00:08]} 34. Kg3 {[%emt 0:03:32]} g5 {[%emt 0:04:42]} 35. h4 {[%emt 0:13:55]} gxh4+ {[%emt 0:00:28]} 36. Kxh4 {[%emt 0:00:00]} Rxd4+ {[%emt 0:00:00]} 37. Kg3 {[%emt 0:00:00]} Kg7 {[%emt 0:00:52]} 38. f4 {[%emt 0:00:00]} Kg6 {[%emt 0:00:00]} 39. Kf3 {[%emt 0:00:00]} Rc4 {[%emt 0:05:09]} 40. Rd6 {[%emt 0:06:29]} Rc3+ {[%emt 0:00:24]} 41. Kf2 {[%emt 0:23:52]} Kf5 {[%emt 0:15:45]} 42. g3 {[%emt 0:00:00]} Rc7 {[%emt 0:00:00]} 43. Rd8 {[%emt 0:00:00]} Ke4 {[%emt 0:07:39]} 44. Rh8 {[%emt 0:00:00]} Rc2+ {[%emt 0:02:26]} 45. Ke1 {[%emt 0:00:00]} Ke3 {[%emt 0:00:35]} 46. Kd1 {[%emt 0:02:57]} Rh2 {[%emt 0:00:07]} 0-1

[Event "1.FrauenBL 2018-19"]
[Site "Berlin"]
[Date "2019.03.02"]
[Round "10.6"]
[White "Obolentseva, Alexandra"]
[Black "Boehm, Jana"]
[Result "1/2-1/2"]
[WhiteElo "2324"]
[BlackElo "2004"]
[Annotator "NA"]
[PlyCount "110"]
[EventDate "2018.10.27"]
[EventType "team-tourn"]
[EventCountry "GER"]
[SourceTitle "playchess.com"]
[Source "ChessBase"]
[SourceQuality "1"]
[WhiteTeam "Bad Koenigshofen"]
[BlackTeam "SK Lehrte"]
[TimeControl "40/5400+30:1800+30"]

1. d4 {[%emt 0:00:04]} Nf6 {[%emt 0:00:00]} 2. c4 {[%emt 0:00:07]} g6 {[%emt 0:00:22]} 3. Nc3 {[%emt 0:00:08]} d5 {[%emt 0:00:04]} 4. e3 {[%emt 0:00:13]} Bg7 {[%emt 0:00:24]} 5. Qb3 {[%emt 0:00:17]} c6 {[%emt 0:04:35]} 6. Nf3 {[%emt 0:04:06]} O-O {[%emt 0:01:30]} 7. cxd5 {[%emt 0:01:29]} cxd5 {[%emt 0:06:33]} 8. Bd3 {[%emt 0:01:04]} Nc6 {[%emt 0:01:48]} 9. O-O {[%emt 0:00:11]} Na5 {[%emt 0:11:11]} 10. Qc2 {[%emt 0:00:37]} Bg4 {[%emt 0:00:00]} 11. Ne5 {[%emt 0:00:29]} Rc8 {[%emt 0:07:08]} 12. b3 {[%emt 0:04:24]} Nc6 {[%emt 0:02:46]} 13. Nxg4 {[%emt 0:01:38]} Nxg4 {[%emt 0:00:09]} 14. Qe2 {[%emt 0:01:35]} h5 {[%emt 0:03:23]} 15. h3 {[%emt 0:01:52]} Nf6 {[%emt 0:03:18]} 16. Bb2 {[%emt 0:00:21]} Qd7 {[%emt 0:05:58]} 17. Rac1 {[%emt 0:00:14]} Qe6 {[%emt 0:02:35]} 18. Na4 {[%emt 0:01:14]} Nd7 {[%emt 0:05:44]} 19. Ba3 {[%emt 0:01:16]} a6 {[%emt 0:02:10]} 20. Rc2 {[%emt 0:00:47]} b5 {[%emt 0:04:54]} 21. Nc5 {[%emt 0:00:14]} Nxc5 {[%emt 0:00:15]} 22. Bxc5 {[%emt 0:00:42]} Na5 {[%emt 0:04:03]} 23. Rfc1 {[%emt 0:01:00]} Nb7 {[%emt 0:01:16]} 24. Bb4 {[%emt 0:02:16]} Bf6 {[%emt 0:08:07]} 25. Qf3 {[%emt 0:03:10]} Rxc2 {[%emt 0:02:14]} 26. Rxc2 {[%emt 0:00:06]} Qd7 {[%emt 0:02:03]} 27. Qd1 {[%emt 0:02:15]} Rc8 {[%emt 0:01:22]} 28. a4 {[%emt 0:00:05]} bxa4 {[%emt 0:02:23]} 29. bxa4 {[%emt 0:03:45]} a5 {[%emt 0:00:29]} 30. Bd2 {[%emt 0:01:41]} Rxc2 {[%emt 0:04:30]} 31. Qxc2 {[%emt 0:00:07]} e6 {[%emt 0:00:47]} 32. Ba6 {[%emt 0:01:08]} Bd8 {[%emt 0:00:44]} 33. Bb5 {[%emt 0:01:02]} Qc7 {[%emt 0:00:55]} 34. Qb3 {[%emt 0:01:01]} Nd6 {[%emt 0:01:01]} 35. Bd3 {[%emt 0:00:19]} Qb6 {[%emt 0:00:56]} 36. Qc2 {[%emt 0:01:14]} Kg7 {[%emt 0:01:13]} 37. Kf1 {[%emt 0:01:54]} Qc7 {[%emt 0:01:03]} 38. Qb3 {[%emt 0:02:30]} Qb6 {[%emt 0:00:44]} 39. Qc3 {[%emt 0:00:41]} Qc7 {[%emt 0:00:29]} 40. Ke2 {[%emt 0:00:43]} Qxc3 {[%emt 0:04:06]} 41. Bxc3 {[%emt 0:30:06]} f5 {[%emt 0:32:52]} 42. Bb2 {[%emt 0:01:06]} Kf6 {[%emt 0:01:41]} 43. f3 {[%emt 0:02:01]} Bb6 {[%emt 0:00:00]} 44. Ba3 {[%emt 0:00:00]} Bc7 {[%emt 0:00:00]} 45. Bb5 {[%emt 0:00:00]} Kf7 {[%emt 0:00:00]} 46. Kd3 {[%emt 0:00:00]} Kf6 {[%emt 0:00:00]} 47. Bc6 {[%emt 0:00:00]} g5 {[%emt 0:00:00]} 48. e4 {[%emt 0:00:00]} fxe4+ {[%emt 0:00:00]} 49. fxe4 {[%emt 0:00:00]} Nxe4 {[%emt 0:00:00]} 50. Be8 {[%emt 0:00:00]} h4 {[%emt 0:00:00]} 51. Bb2 {[%emt 0:00:00]} Bb6 {[%emt 0:00:00]} 52. Bc3 {[%emt 0:00:00]} Kf5 {[%emt 0:00:00]} 53. Be1 {[%emt 0:00:00]} Kf6 {[%emt 0:00:00]} 54. Bc3 {[%emt 0:00:00]} Kf5 {[%emt 0:00:00]} 55. Be1 {[%emt 0:00:00]} Kf6 {[%emt 0:00:00]} 1/2-1/2

[Event "1.FrauenBL 2018-19"]
[Site "Berlin"]
[Date "2019.03.02"]
[Round "10.6"]
[White "Muetsch, Annmarie"]
[Black "Cornette, Deimante"]
[Result "0-1"]
[WhiteElo "2249"]
[BlackElo "2457"]
[Annotator "TA"]
[PlyCount "88"]
[EventDate "2018.10.27"]
[EventType "team-tourn"]
[EventCountry "GER"]
[SourceTitle "playchess.com"]
[Source "ChessBase"]
[SourceQuality "1"]
[WhiteTeam "Karlsruher SF"]
[BlackTeam "SK Schwaebisch Hall"]

{[%evp 12,88,23,18,19,11,10,10,22,14,24,6,18,9,21,15,4,0,-3,-14,-9,-27,-23,-32,-32,-53,-43,-64,-41,-36,-42,-39,-46,-80,-79,-83,-84,-81,-58,-58,-41,-27,-41,-65,-65,-67,-67,-105,-82,-147,-133,-147,-151,-154,-161,-153,-148,-153,-150,-142,-126,-201,-143,-143,-142,-134,-118,-118,-126,-111,-94,-109,-113,-279,-256,-377,-377,-377,-368]} 1. e4 c5 2. Nf3 Nc6 3. Bb5 g6 4. Bxc6 dxc6 5. d3 Bg7 6. h3 Nf6 7. Nc3 Nd7 {B31: Sicilian: 2...Nc6 3 Bb5 g6} 8. O-O e5 9. Be3 b6 {The position is equal.} 10. Qd2 h6 11. Nh2 (11. a3 Nf8 12. b4 Ne6 13. bxc5 f5 14. exf5 gxf5 15. Qe1 O-O 16. Rb1 e4 17. dxe4 {0-1 (36) Wang,H (2730)-Carlsen,M (2835) St Petersburg 2018}) 11... Nf8 12. f4 exf4 13. Bxf4 Ne6 14. Bg3 (14. Be3 {feels hotter.} Nd4 15. Rae1 Be6 16. Nd1 Nb5 17. b3) 14... c4 {[#]} 15. Nf3 $146 (15. e5 {is interesting.}) ({Predecessor:} 15. e5 cxd3 16. cxd3 {0-1 (48) Gagare,S (2504)-Firouzja,A (2607) Makati 2018}) 15... cxd3 16. cxd3 Ba6 17. Rfd1 c5 18. Kh1 O-O 19. Be5 Bxe5 20. Nxe5 Qg5 21. Qxg5 hxg5 22. Nd7 Rfd8 23. Nf6+ Kg7 24. Nfd5 Rh8 25. Kg1 $1 Rad8 26. a4 Nf4 27. Nxf4 gxf4 28. Nd5 {[#]} f3 $1 {[%mdl 512]} 29. a5 (29. gxf3 Bb7) 29... Bb7 30. Nc3 ({White should play} 30. axb6 axb6 31. Nxb6) 30... fxg2 $17 31. axb6 axb6 32. Kxg2 Bc8 33. Nd5 Bxh3+ 34. Kg3 Be6 35. Nxb6 Rh3+ 36. Kf2 (36. Kg2 $17) 36... Rhxd3 37. Rxd3 Rxd3 $19 {[%mdl 4096] Endgame KRB-KRN} 38. Na4 Rd2+ 39. Ke3 Rc2 40. Ra3 Bd7 41. b3 Bb5 42. e5 $2 {[#]} (42. Nb6 $17) 42... g5 43. Ra1 (43. Ke4 $142) 43... Re2+ 44. Kf3 {intending Nc3.} Rxe5 {Accuracy: White = 51%, Black = 77%.} 0-1

[Event "1.FrauenBL 2018-19"]
[Site "Berlin"]
[Date "2019.03.02"]
[Round "10.6"]
[White "Heinemann, Josefine"]
[Black "Straub, Natalia"]
[Result "1-0"]
[WhiteElo "2238"]
[BlackElo "2146"]
[Annotator "NA"]
[PlyCount "83"]
[EventDate "2018.10.27"]
[EventType "team-tourn"]
[EventCountry "GER"]
[SourceTitle "playchess.com"]
[Source "ChessBase"]
[SourceQuality "1"]
[WhiteTeam "OSG Baden-Baden"]
[BlackTeam "SF Deizisau"]
[TimeControl "40/5400+30:1800+30"]

1. e4 {[%emt 0:00:03]} e6 {[%emt 0:00:04]} 2. d4 {[%emt 0:00:07]} d5 {[%emt 0:00:07]} 3. Nd2 {[%emt 0:00:06]} dxe4 {[%emt 0:00:19]} 4. Nxe4 {[%emt 0:00:06]} Nd7 {[%emt 0:00:05]} 5. Nf3 {[%emt 0:00:09]} Ngf6 {[%emt 0:00:05]} 6. Nxf6+ {[%emt 0:00:07]} Nxf6 {[%emt 0:00:26]} 7. g3 {[%emt 0:00:12]} c5 {[%emt 0:07:42]} 8. Bg2 {[%emt 0:00:20]} cxd4 {[%emt 0:13:51]} 9. Qxd4 {[%emt 0:00:21]} Qxd4 {[%emt 0:10:55]} 10. Nxd4 {[%emt 0:00:18]} a6 {[%emt 0:19:05]} 11. O-O {[%emt 0:07:50]} Bd6 {[%emt 0:03:13]} 12. Rd1 {[%emt 0:03:01]} Bc7 {[%emt 0:04:44]} 13. c4 {[%emt 0:06:28]} O-O {[%emt 0:02:43]} 14. b3 {[%emt 0:05:41]} Re8 {[%emt 0:07:20]} 15. Nc2 {[%emt 0:08:13]} h6 {[%emt 0:08:06]} 16. Ba3 {[%emt 0:01:03]} Ra7 {[%emt 0:07:39]} 17. Bd6 {[%emt 0:04:53]} Bxd6 {[%emt 0:02:46]} 18. Rxd6 {[%emt 0:00:27]} Kf8 {[%emt 0:01:07]} 19. Rad1 {[%emt 0:04:45]} Ke7 {[%emt 0:00:09]} 20. Ne3 {[%emt 0:05:06]} b5 {[%emt 0:02:29]} 21. c5 {[%emt 0:03:02]} Bd7 {[%emt 0:00:43]} 22. c6 {[%emt 0:07:44]} Bc8 {[%emt 0:00:04]} 23. R6d2 {[%emt 0:00:59]} Rc7 {[%emt 0:03:20]} 24. f4 {[%emt 0:04:40]} g5 {[%emt 0:00:00]} 25. fxg5 {[%emt 0:01:17]} hxg5 {[%emt 0:00:56]} 26. Rf1 {[%emt 0:00:58]} Rf8 {[%emt 0:03:19]} 27. Re1 {[%emt 0:03:25]} Ra7 {[%emt 0:01:58]} 28. b4 {[%emt 0:02:14]} e5 {[%emt 0:00:33]} 29. Nd5+ {[%emt 0:02:06]} Nxd5 30. Rxe5+ {[%emt 0:01:36]} Be6 {[%emt 0:00:35]} 31. Rdxd5 {[%emt 0:01:57]} f6 {[%emt 0:00:48]} 32. Re2 {[%emt 0:01:32]} Kf7 {[%emt 0:00:40]} 33. Rd6 {[%emt 0:00:51]} Bc4 {[%emt 0:00:08]} 34. Red2 {[%emt 0:01:15]} Re8 {[%emt 0:00:17]} 35. Kf2 {[%emt 0:01:14]} Ree7 {[%emt 0:00:57]} 36. a3 {[%emt 0:01:48]} a5 {[%emt 0:00:28]} 37. Rd7 {[%emt 0:01:54]} axb4 {[%emt 0:00:27]} 38. axb4 {[%emt 0:01:01]} Rc7 {[%emt 0:00:42]} 39. Rxc7 {[%emt 0:01:48]} Rxc7 {[%emt 0:00:02]} 40. Rd7+ {[%emt 0:01:13]} Rxd7 {[%emt 0:00:04]} 41. cxd7 {[%emt 0:30:04]} Ke7 {[%emt 0:30:14]} 42. Bc6 {[%emt 0:00:06]} 1-0

[Event "1.FrauenBL 2018-19"]
[Site "Berlin"]
[Date "2019.03.02"]
[Round "10.6"]
[White "Zahn, Alina"]
[Black "Korenova, Martina"]
[Result "1-0"]
[WhiteElo "2117"]
[BlackElo "2172"]
[Annotator "NA"]
[PlyCount "101"]
[EventDate "2018.10.27"]
[EventType "team-tourn"]
[EventCountry "GER"]
[SourceTitle "playchess.com"]
[Source "ChessBase"]
[SourceQuality "1"]
[WhiteTeam "Hamburger SK"]
[BlackTeam "Rodewischer SM"]
[TimeControl "40/5400+30:1800+30"]

1. e4 {[%emt 0:00:04]} e5 {[%emt 0:00:00]} 2. Nf3 {[%emt 0:00:02]} Nc6 {[%emt 0:00:17]} 3. Bc4 {[%emt 0:00:11]} Bc5 {[%emt 0:00:00]} 4. c3 Nf6 {[%emt 0:00:07]} 5. d3 {[%emt 0:00:16]} d6 {[%emt 0:00:06]} 6. Bb3 {[%emt 0:00:17]} O-O {[%emt 0:00:37]} 7. O-O {[%emt 0:00:32]} a5 {[%emt 0:02:25]} 8. h3 {[%emt 0:05:00]} Re8 {[%emt 0:02:20]} 9. Re1 {[%emt 0:02:32]} h6 {[%emt 0:08:49]} 10. Nbd2 {[%emt 0:05:47]} b5 {[%emt 0:00:00]} 11. a4 {[%emt 0:05:55]} b4 {[%emt 0:05:25]} 12. Nc4 {[%emt 0:05:49]} bxc3 {[%emt 0:12:42]} 13. bxc3 {[%emt 0:06:23]} Rb8 {[%emt 0:00:00]} 14. Be3 {[%emt 0:00:38]} Bxe3 {[%emt 0:03:12]} 15. Nxe3 {[%emt 0:02:34]} Be6 {[%emt 0:00:20]} 16. Rb1 {[%emt 0:00:20]} Qd7 {[%emt 0:01:51]} 17. Bc4 {[%emt 0:04:11]} Bxc4 {[%emt 0:01:50]} 18. Nxc4 {[%emt 0:00:10]} Rxb1 {[%emt 0:07:58]} 19. Qxb1 {[%emt 0:00:11]} Rb8 {[%emt 0:00:05]} 20. Qc2 {[%emt 0:01:07]} Qd8 {[%emt 0:00:00]} 21. Rb1 {[%emt 0:16:51]} Rxb1+ {[%emt 0:32:50]} 22. Qxb1 {[%emt 0:00:00]} Qa8 {[%emt 0:00:15]} 23. Qb5 {[%emt 0:22:19]} g6 {[%emt 0:05:11]} 24. Nfd2 {[%emt 0:05:11]} Kg7 {[%emt 0:00:12]} 25. Nb3 {[%emt 0:00:12]} Nd7 {[%emt 0:00:07]} 26. Ne3 {[%emt 0:00:00]} Nb6 {[%emt 0:10:51]} 27. Nd5 {[%emt 0:10:58]} Nxd5 {[%emt 0:00:40]} 28. exd5 {[%emt 0:00:00]} Ne7 {[%emt 0:00:00]} 29. c4 {[%emt 0:00:00]} c6 {[%emt 0:01:15]} 30. Qb6 {[%emt 0:01:55]} Kf8 {[%emt 0:02:16]} 31. dxc6 {[%emt 0:00:00]} Nxc6 {[%emt 0:01:31]} 32. Qc7 {[%emt 0:00:00]} Qb8 {[%emt 0:00:00]} 33. Qxc6 {[%emt 0:04:19]} Qxb3 {[%emt 0:00:00]} 34. Qxd6+ {[%emt 0:00:04]} Kg8 {[%emt 0:00:41]} 35. Qd8+ {[%emt 0:00:05]} Kh7 {[%emt 0:00:11]} 36. Qxa5 {[%emt 0:00:00]} Qxd3 {[%emt 0:00:46]} 37. Qd5 {[%emt 0:00:00]} Qf5 {[%emt 0:02:23]} 38. c5 {[%emt 0:00:00]} Qf4 {[%emt 0:00:27]} 39. g3 {[%emt 0:00:54]} Qxa4 {[%emt 0:00:35]} 40. Qxf7+ {[%emt 0:02:00]} Kh8 {[%emt 0:00:08]} 41. Qf6+ {[%emt 0:30:54]} Kh7 {[%emt 0:30:04]} 42. Qxe5 {[%emt 0:00:46]} Qd1+ {[%emt 0:00:10]} 43. Kg2 {[%emt 0:00:10]} Qc2 {[%emt 0:00:04]} 44. Qd5 {[%emt 0:01:28]} Kg7 {[%emt 0:00:54]} 45. c6 {[%emt 0:00:00]} h5 {[%emt 0:00:01]} 46. h4 {[%emt 0:00:00]} Kf6 {[%emt 0:01:54]} 47. Qd8+ {[%emt 0:00:00]} Kf7 {[%emt 0:00:00]} 48. c7 {[%emt 0:00:00]} Qc6+ {[%emt 0:00:00]} 49. Kh2 {[%emt 0:00:00]} Qc5 {[%emt 0:00:00]} 50. Qd7+ {[%emt 0:00:00]} Kf6 {[%emt 0:00:00]} 51. Kg2 {[%emt 0:00:00]} 1-0

[Event "1.FrauenBL 2018-19"]
[Site "Berlin"]
[Date "2019.03.02"]
[Round "10.7"]
[White "Kashlinskaya, Alina"]
[Black "Schmidt, Jessica"]
[Result "1-0"]
[WhiteElo "2470"]
[BlackElo "2240"]
[Annotator "TA"]
[PlyCount "85"]
[EventDate "2018.10.27"]
[EventType "team-tourn"]
[EventCountry "GER"]
[SourceTitle "playchess.com"]
[Source "ChessBase"]
[SourceQuality "1"]
[WhiteTeam "SK Schwaebisch Hall"]
[BlackTeam "Karlsruher SF"]

{[%evp 13,85,64,70,70,89,77,83,64,62,65,75,80,91,85,89,38,42,21,39,5,10,8,40,30,48,26,19,5,87,97,113,97,90,96,113,73,69,69,179,167,257,234,226,206,302,302,302,302,281,258,211,240,375,368,362,325,293,268,247,212,724,693,674,644,561,400,919,919,853,842,745,596,583,490]} 1. d4 g6 2. c4 Bg7 3. e4 d6 4. Nf3 e5 5. dxe5 dxe5 6. Qxd8+ Kxd8 7. Nc3 c6 8. b4 {A41: 1 d4 d6: Tartakower System and Modern Defence} f6 9. Nd2 $146 ({Predecessor:} 9. b5 Be6 10. Ba3 Nh6 11. Rd1+ Nd7 12. bxc6 bxc6 13. Na4 Bf8 14. Nc5 Kc8 15. Nxe6 Bxa3 {½-½ (54) Gretarsson,H (2560)-Thorsteins,K (2453) Reykjavik 2016}) 9... Nh6 10. Nb3 {White is better.} Nf7 11. Be2 Ke7 12. b5 Ng5 13. O-O Ne6 14. bxc6 ({White should try} 14. Rd1 $16) 14... bxc6 15. Rd1 Rd8 16. Ba3+ Ke8 17. Rxd8+ Kxd8 18. Rd1+ Ke8 19. Bg4 {White wants to play Rd6.} Na6 20. Bd6 Bf8 {[#]} (20... Nf4 $11 {keeps the balance.} 21. Bf3 Ne6) 21. Bxe6 $1 $16 Bxe6 22. Bxf8 Kxf8 23. Rd6 {[%mdl 64] Double Attack} Bxc4 24. Rxc6 (24. Rxf6+ {seems wilder.} Bf7 25. Na5 Nb4 26. a3 Nd3 27. Rd6) 24... Bxb3 25. Rxf6+ Kg8 (25... Bf7 $14) 26. Rxa6 $18 ({Don't play} 26. axb3 $6 Nb4 $16) 26... Rc8 (26... Bc4 $142 27. Rc6 Bf7) 27. axb3 Rxc3 {[%cal Rc3c1][%mdl 4096] [#] Endgame KR-KR} 28. h4 Rxb3 (28... Rc7 {keeps fighting.} 29. Ra5 Re7) 29. Rxa7 Rb5 30. Kh2 Rb6 31. Re7 Rb5 32. Kh3 h5 (32... h6 {was worth a try.} 33. Ra7 h5) 33. f3 Kf8 34. Rd7 Ke8 35. Rg7 Rb6 36. g4 hxg4+ $2 (36... Kf8 37. Rd7 hxg4+ 38. Kxg4 Re6) 37. Kxg4 Kf8 38. Ra7 Rf6 39. Ra5 Re6 (39... Kf7 $142 40. Rxe5 Rc6) 40. Kg5 {White is clearly winning.} Kg7 41. Ra7+ Kg8 42. Rb7 Ra6 43. Re7 {Accuracy: White = 71%, Black = 44%.} 1-0

[Event "1.FrauenBL 2018-19"]
[Site "Berlin"]
[Date "2019.03.02"]
[Round "10.7"]
[White "Exler, Veronika"]
[Black "Unuk, Laura"]
[Result "0-1"]
[WhiteElo "2287"]
[BlackElo "2266"]
[Annotator "NA"]
[PlyCount "54"]
[EventDate "2018.10.27"]
[EventType "team-tourn"]
[EventCountry "GER"]
[SourceTitle "playchess.com"]
[Source "ChessBase"]
[SourceQuality "1"]
[WhiteTeam "FC Bayern Muenchen"]
[BlackTeam "TuRa Harksheide"]
[TimeControl "40/5400+30:1800+30"]

1. d4 {[%emt 0:00:01]} Nf6 {[%emt 0:00:08]} 2. c4 {[%emt 0:00:05]} e6 {[%emt 0:00:10]} 3. g3 {[%emt 0:00:15]} d5 {[%emt 0:01:43]} 4. Nf3 {[%emt 0:00:20]} Bb4+ {[%emt 0:00:05]} 5. Bd2 {[%emt 0:00:09]} Be7 {[%emt 0:01:03]} 6. Bg2 {[%emt 0:58:08]} O-O {[%emt 0:00:11]} 7. Qc2 {[%emt 0:00:00]} c6 {[%emt 0:05:49]} 8. O-O {[%emt 0:00:00]} Nbd7 {[%emt 0:03:35]} 9. Rd1 {[%emt 0:00:00]} Ne4 {[%emt 0:00:16]} 10. Be3 {[%emt 0:00:00]} f5 {[%emt 0:04:44]} 11. Nfd2 {[%emt 0:00:00]} Qe8 {[%emt 0:07:48]} 12. Nxe4 {[%emt 0:00:00]} fxe4 {[%emt 0:02:49]} 13. f3 {[%emt 0:00:00]} Nf6 {[%emt 0:05:10]} 14. Nd2 {[%emt 0:00:00]} Bd6 {[%emt 0:04:39]} 15. Nf1 {[%emt 0:10:43]} e5 {[%emt 0:09:22]} 16. cxd5 {[%emt 0:00:59]} exf3 {[%emt 0:00:42]} 17. exf3 {[%emt 0:01:42]} Nxd5 {[%emt 0:02:31]} 18. Bf2 {[%emt 0:02:40]} Bf5 {[%emt 0:00:28]} 19. Qb3 {[%emt 0:00:50]} e4 {[%emt 0:15:46]} 20. Re1 {[%emt 0:22:35]} Qf7 {[%emt 0:01:35]} 21. f4 {[%emt 0:00:12]} g5 {[%emt 0:04:45]} 22. Bxe4 {[%emt 0:01:42]} gxf4 {[%emt 0:00:43]} 23. Bxf5 {[%emt 0:01:01]} Qxf5 {[%emt 0:00:12]} 24. gxf4 {[%emt 0:00:34]} Kh8 {[%emt 0:00:51]} 25. Ng3 {[%emt 0:00:27]} Qg4 {[%emt 0:03:48]} 26. Qd3 {[%emt 0:00:33]} Nxf4 {[%emt 0:00:13]} 27. Qe4 {[%emt 0:00:24]} Nh3+ {[%emt 0:00:14]} 0-1

[Event "1.FrauenBL 2018-19"]
[Site "Berlin"]
[Date "2019.03.02"]
[Round "10.7"]
[White "Manusina, Nicole"]
[Black "Belenkaya, Dina"]
[Result "0-1"]
[WhiteElo "1988"]
[BlackElo "2360"]
[Annotator "NA"]
[PlyCount "68"]
[EventDate "2018.10.27"]
[EventType "team-tourn"]
[EventCountry "GER"]
[SourceTitle "playchess.com"]
[Source "ChessBase"]
[SourceQuality "1"]
[WhiteTeam "SK Lehrte"]
[BlackTeam "Bad Koenigshofen"]
[TimeControl "40/5400+30:1800+30"]

1. e4 {[%emt 0:00:03]} c6 {[%emt 0:00:27]} 2. d4 {[%emt 0:00:07]} d5 {[%emt 0:00:31]} 3. e5 {[%emt 0:00:13]} c5 {[%emt 0:00:00]} 4. dxc5 {[%emt 0:00:38]} Nc6 {[%emt 0:01:19]} 5. Nf3 {[%emt 0:00:11]} Bg4 {[%emt 0:00:36]} 6. Bb5 {[%emt 0:00:19]} Qa5+ {[%emt 0:00:31]} 7. Nc3 {[%emt 0:01:53]} e6 {[%emt 0:00:22]} 8. O-O {[%emt 0:08:52]} Bxc5 {[%emt 0:03:08]} 9. Bxc6+ {[%emt 0:00:00]} bxc6 {[%emt 0:01:27]} 10. Qd3 {[%emt 0:11:56]} Ne7 {[%emt 0:00:39]} 11. Bf4 {[%emt 0:06:25]} O-O {[%emt 0:02:16]} 12. a3 {[%emt 0:01:51]} Qc7 {[%emt 0:20:42]} 13. Rae1 {[%emt 0:00:00]} a5 {[%emt 0:00:00]} 14. Na4 {[%emt 0:14:50]} Ba7 {[%emt 0:14:50]} 15. c4 {[%emt 0:11:46]} c5 {[%emt 0:00:00]} 16. cxd5 {[%emt 0:01:38]} exd5 {[%emt 0:00:00]} 17. Nc3 {[%emt 0:00:00]} Qc6 {[%emt 0:00:00]} 18. Bg5 {[%emt 0:00:00]} c4 {[%emt 0:00:00]} 19. Qd1 {[%emt 0:12:45]} Rfe8 {[%emt 0:00:00]} 20. Bxe7 {[%emt 0:00:00]} Rxe7 {[%emt 0:00:00]} 21. Qxd5 {[%emt 0:05:49]} Qxd5 {[%emt 0:00:00]} 22. Nxd5 {[%emt 0:00:06]} Rb7 {[%emt 0:04:59]} 23. Re2 {[%emt 0:12:37]} Rab8 {[%emt 0:02:25]} 24. Rd1 {[%emt 0:00:00]} Kf8 {[%emt 0:41:35]} 25. Rdd2 {[%emt 0:04:57]} Bf5 {[%emt 0:00:00]} 26. Nf4 {[%emt 0:00:04]} g5 {[%emt 0:00:00]} 27. Nd5 {[%emt 0:05:58]} Bd3 {[%emt 0:00:00]} 28. Re1 {[%emt 0:00:06]} g4 {[%emt 0:00:00]} 29. Ng5 {[%emt 0:00:53]} Rxb2 {[%emt 0:00:00]} 30. Rxb2 {[%emt 0:00:00]} Rxb2 {[%emt 0:00:00]} 31. Ne3 {[%emt 0:01:06]} Bxe3 {[%emt 0:00:00]} 32. fxe3 {[%emt 0:00:05]} h6 {[%emt 0:00:00]} 33. Nf3 {[%emt 0:01:09]} gxf3 {[%emt 0:00:00]} 34. gxf3 {[%emt 0:00:03]} c3 {[%emt 0:00:00]} 0-1